000 00824nam a2200253 a 4500
003 DO-SdBNP
005 20220718132654.0
007 000027598
008 110401s2007 dr 000 0 spa d
040 _aBPMSU
_bspa
_cBPMSU
092 _a972.9304
_bB742g, 2007
_222
100 1 _aBosch, Juan,
_d1909-2001.
_91
245 1 3 _aLa Guerra de la Restauración /
_cJuan Bosch.
246 1 3 _aLa Guerra de la Restauración y la Revolución de Abril
250 _a8a ed.
260 _aSanto Domingo :
_bAlfa y Omega,
_c2007
300 _a261 p. ;
_c21 cm.
590 _6Inventariado, 2021/VM
651 4 _aRepública Dominicana
_xHistoria
651 4 _aRepública Dominicana
_xRestauración
_y1863-1865
651 4 _aRepública Dominicana
_xHistoria
_xOcupación norteamericana
_y1965-1966
910 _aVMateo V.
942 _2ddc
_cBK
999 _c7675
_d7675